Normal view
MARC view
- MS-CSE-6 MSTHESIS
Entry Topical Term
001 - CONTROL NUMBER
- control field: 72863
003 - CONTROL NUMBER IDENTIFIER
- control field: NUST
005 - DATE AND TIME OF LATEST TRANSACTION
- control field: 20210628204928.0
008 - FIXED-LENGTH DATA ELEMENTS
- fixed length control field: 210628|| aca||aabn | a|a d
040 ## - CATALOGING SOURCE
- Original cataloging agency: NUST
- Transcribing agency: NUST
150 ## - HEADING--TOPICAL TERM
- Topical term or geographic name entry element: MS-CSE-6 MSTHESIS
670 ## - SOURCE DATA FOUND
- Source citation: Work cat.: (NUST): SHAFQAT WAQAR AHMAD, 72862, TH-SOF-0610-ENACTMENT OF WORKFLOW MANAGEMENT SYSTEM, 2018
